Las reformas que necesita la educación mexicana : propuestas en busca de consensos : resumen ejecutivo /

Propuestas para mejorar la calidad de la educación en México que parte de una reflexión conceptual sobre lo que se considera que requiere la educación en el país, así como de un panorama del contexto nacional e internacional. Se busca que una reforma educativa como la que se gestó en México a finale...

Ful tanımlama

Kaydedildi:
Detaylı Bibliyografya
Yazar: Tamez Guerra, Reyes S. (coord.)
Diğer Yazarlar: Martínez Rizo, Felipe (coordinación) (coordinación)
Materyal Türü: Kitap
Dil:İspanyolca
Konular:
Etiketler: Etiketle
Etiket eklenmemiş, İlk siz ekleyin!

MARC

LEADER 00000nam^a2200000^a^4500
001 000327771
005 20250521000000.0
009 20260310113847.362
037 |a Acervo ITESO - Biblioteca 
041 |a ESP 
082 |a 370. 9720712  |b TAM V. 2 
100 |a Tamez Guerra, Reyes S.  |e (coord.) 
245 1 4 |a Las reformas que necesita la educación mexicana :  |b propuestas en busca de consensos : resumen ejecutivo /  |c Coord. de R.S. Tamez Guerra, F. Martínez Rizo. 
264 |a México :  |b editorial no identificada,  |c 2012 
300 |a 79 p. 
336 |a texto  |b txt  |2 rdacontenido 
337 |a sin mediación  |b n  |2 rdamedio 
338 |a volumen  |b nc  |2 rdasoporte 
520 |a Propuestas para mejorar la calidad de la educación en México que parte de una reflexión conceptual sobre lo que se considera que requiere la educación en el país, así como de un panorama del contexto nacional e internacional. Se busca que una reforma educativa como la que se gestó en México a finales del sexenio del presidente Felipe Calderón, contribuya a la construcción de una sociedad más justa, equitativa y democrática, a partir de la responsabilidad, competencia y productividad de los ciudadanos. 
649 |a XX 
650 |a Calidad de la Educación -  |z México 
650 |a Sistema Escolar -  |z México 
650 |a Centralización y Descentralización Educativa -  |z México 
650 |a Proyecto Educativo -  |z México 
650 |a Reforma Educativa -  |z México -  |x Tema Principal 
650 |a Sindicalismo Corporativo -  |z México 
650 |a Política Educativa -  |z México 
650 |a Educación y Estado -  |z México 
650 |a Educación Primaria -  |z México -  |x Tema Principal 
650 |a Educación Pública -  |z México -  |x Historia -  |y 2006-2012 
650 |a Educación -  |z México -  |x Historia -  |y 2006-2012 
650 |a Política -  |z México -  |x Historia -  |y 2006-2012 
700 |a Martínez Rizo, Felipe  |e (coordinación) 
910 |a Fondo General 
920 |a Impresos - Libros 
930 |a Colección General 
905 |a 101 
901 |a 0500216603  |b IT1  |c ACC  |i D60112  |u 20250521 
902 |a https://opac.biblio.iteso.mx/vufind/Record/000327771